000 01463nam a2200229Ia 4500
003 Ost
005 20260507075801.0
008 260507s9999||||xx |||||||||||||| ||und||
020 _a9789961909188
040 _cfsecg
041 _aara
082 _a339
100 _aبريبش، السعيد
_eمؤلف
245 0 _aالاقتصاد الكلي بين النظرية والتطبيق :
_bأعمال موجهة أسئلة وتمارين محلولة /
_c السعيد بريبش
260 _aالجزائر :
_bدار العلوم للنشر والتوزيع,
_c2007
300 _a230 صفحة؛
_bإيضاحات ؛
_c24 سم
504 _aبيبليوغرافيا ص.208
520 _aيحتوي على تمارين خاصة بكيفية حساب النشاط الاقتصادي للمجتمع من1 إلى 13، تمارين خاصة بالنموذج الكلاسيكي للتوازن الاقتصادي الكلي من14 إلى 16، تمارين خاصة بدوال الاستهلاك من 17إلى 21، تمارين خاصة بدراسة الاستثمار من 22إلى 27، تمارين خاصة بدراسة المضاعفات من 28 إلى 35، تمارين خاصة بالنموذج الكينزي للتوان الاقتصادي الكلي من 36 إلى 41، تمارين عامة مشتركة بين الفصول من42إلى 59.
653 _aالاقتصاد الرياضي
653 _aالاقتصاد الكلي
942 _cكتاب
999 _c46268
_d46268